000 00736cam a2200241u 4500
001 30810
003 BD-RjUL
005 20211209051623.0
008 140411s19491932enk 000 0 eng
035 _a(BD-RjUL)30897
040 _aDLC
_cCarP
_dDLC
_beng
041 _aeng
082 _a616.8528
_bBUA 1949
100 1 _aBurton, Robert,
_d1577-1640.
_993609
245 1 4 _aThe anatomy of melancholy /
_cRobert Burton
_nV-2
260 _aLondon :
_bJ. M. Dent & sons, ltd.,
_cc1932[reprinting1949]
300 _a312 p. ;
_c14 cm.
650 0 _aMelancholy
_vEarly works to 1800.
_993610
700 1 _aJackson, Holbrook,
_d1874-1948. [from old catalog]
_993611
942 _2ddc
_cBK
999 _c30810
_d30810